000 00838nmc a2200325 a 4500
003 AR-BaBNM
005 20251128210828.0
008 031020s1999 ||||||||||||||000 | spa||
020 _a987-9065-54-9
040 _cAR-BaBNM
100 1 _aPolimeni, Carlos
245 1 0 _aBukowski para principiantes
260 _aBuenos Aires
_bErrepar
_c1999
300 0 _a176 p.
_bil.
490 0 _aPara principiantes
_vv. 38
600 1 4 _aBukowski, Charles
650 4 _aREALISMO
650 4 _aLITERATURA ESTADOUNIDENSE
650 4 _aESCRITORES
650 4 _aBIOGRAFIAS
650 4 _aDIVULGACION
650 4 _aLITERATURA CONTEMPORANEA
653 0 _aHISTORIETAS
653 0 _aNARRATIVA
655 _aBIOGRAFIAS
700 1 _aRep, Miguel
_eilustrador
800 1 _aKreimer, Juan Carlos
_edirector
942 _cBK
998 _cMARTIN
999 _c17096
_d17096